000 01076cab a2200265 4500
001 ABS56595
008 090401t1997 xxu||||| |||| 00| 0 eng d
035 _a(Sirsi) u24753
041 _aeng
100 _aBudge, R.
245 _aUnwitting criminals?
260 _c1997
350 _a0
490 _aEstates Gazette
_v(9707) 15 February 1997, 141-142(2)
520 _aWarns that landlords must be aware of housing legislation when letting commercial space in mixed-use property. The Housing Act 1996 imposes a criminal sanction on a landlord who does not serve the correct notices under the Landlord and Tenant Act 1987 and Part I of the Act provides that where the premises as a whole falls within the Act, a disposal of part of those premises is a relevant disposal.
650 _aCOMMERCIAL LEASES
650 _aHOUSING ACT 1996
650 _aLANDLORD AND TENANT ACT 1987
650 _aMIXED-USE PROPERTY
650 _aRACK-RENTED PROPERTY
650 _aRELEVANT DISPOSAL
690 _aPROPERTY-LANDLORD AND TENANT
942 _n0
948 _c04/03/1997
999 _c16607
_d16607